00499nam a2200145Ia 4500008004100000020001800041041000800059082001600067100001800083245013300101250000600234260005200240300001900292500004200311220530s9999 xx 000 0 und d a9789352160349 aeng a371.95bWAT aWatve, Sujala aWhy Gifted Education?bA comparative study of persons, Who studied in enriched educational programme and normal school programme a1 aPunebJnana Prabodhani Samshodhan Sansthac2013 aXVII;204P.bPB aComplimentary Copy byDr. Sujala Watve